| 000 | 00606nam a22002297a 4500 | ||
|---|---|---|---|
| 999 |
_c66025 _d66022 |
||
| 003 | PK-NaQUE | ||
| 005 | 20250524120254.0 | ||
| 008 | 250524b ||||| |||| 00| 0 eng d | ||
| 020 | _a9781133945192 | ||
| 020 | _a1133945198 | ||
| 040 | _cQUEST | ||
| 082 | _a515.15KUN | ||
| 100 | _aKuhfittig, peter | ||
| 245 | _aTechnical Calculus with Analytic Geometry | ||
| 250 | _a5th ed. | ||
| 260 |
_aNew York _bCengage, _c2013. |
||
| 300 | _a826p. ; | ||
| 650 | _aCalculus | ||
| 650 | _aGeometry, Analytic | ||
| 856 |
_uhttp://10.10.170.122:8080/browse/book/27442 _yDownload eBook |
||
| 942 |
_cBK _2ddc |
||